El Señorio de Villagarcía desde su fundación hasta su marquesado / (Record no. 36923)

MARC details
000 -LEADER
campo de control de longitud fija 00904nam a2200217 i 4500
001 - NÚMERO DE CONTROL
campo de control 36923
003 - IDENTIFICADOR DE NÚMERO DE CONTROL
campo de control ES-MaACL
005 - FECHA Y HORA DE LA ÚLTIMA TRANSACCIÓN
campo de control 20250921063024.0
007 - CAMPO FIJO DE DESCRIPCIÓN FÍSICA--INFORMACIÓN GENERAL
campo de control de longitud fija t|
008 - DATOS DE LONGITUD FIJA--INFORMACIÓN GENERAL
campo de control de longitud fija 030219s1965 sp ||||1| spa d
100 1# - ENTRADA PRINCIPAL--NOMBRE DE PERSONA
Nombre de persona Bouza-Brey Trillo, Fermín,
Fechas asociadas al nombre 1901-1973
9 (RLIN) 31103
245 13 - MENCIÓN DEL TÍTULO
Título El Señorio de Villagarcía desde su fundación hasta su marquesado /
Mención de responsabilidad, etc. edición y estudio por Fermín Bouza-Brey Trillo.
260 ## - PUBLICACIÓN, DISTRIBUCIÓN, ETC.
Lugar de publicación, distribución, etc. Santiago de Compostela :
Nombre del editor, distribuidor, etc. Consejo Superior de Investigaciones Científicas, Instituto Padre Sarmiento de Estudios Gallegos,
Fecha de publicación, distribución, etc. 1965.
300 ## - DESCRIPCIÓN FÍSICA
Extensión 171 p., 1 lám. ;
Dimensiones 25 cm.
490 1# - MENCIÓN DE SERIE
Mención de serie Cuadernos de estudios gallegos ;
Designación de volumen o secuencia 15
610 27 - PUNTO DE ACCESO ADICIONAL DE MATERIA--NOMBRE DE ENTIDAD CORPORATIVA
Nombre de entidad corporativa o nombre de jurisdicción como elemento de entrada Señorio de Villagarcía.
9 (RLIN) 6570
710 00 - ENTRADA AGREGADA--NOMBRE DE ENTIDAD CORPORATIVA
Nombre de entidad corporativa o nombre de jurisdicción como elemento de entrada Instituto de Estudios Gallegos "Padre Sarmiento"
9 (RLIN) 4903
830 0# - PUNTO DE ACCESO ADICIONAL DE SERIE-TÍTULO UNIFORME
Título uniforme Cuadernos de estudios gallegos ;
Designación de volumen o secuencia 15
9 (RLIN) 183458
852 ## - LOCALIZACIÓN
Ubicación ES-MaACL
Número de control de estantería C-29183
Sublocalización o colección R.58455
Holdings
Estatus retirado Estado de pérdida Estado de daño No para préstamo Biblioteca de origen Biblioteca actual Ubicación en estantería Fecha de adquisición Fuente de adquisición Total de préstamos Signatura topográfica completa Código de barras Visto por última vez Precio de reemplazo Tipo de ítem Koha
        Biblioteca del Ateneo de Madrid Biblioteca del Ateneo de Madrid Depósito 2 17/01/2008     C-29183 1038830 23/02/2023 23/02/2023 Libro impreso